Teaching through self-instruction : how to develop open learning materials

Αποθηκεύτηκε σε:
Λεπτομέρειες βιβλιογραφικής εγγραφής
Κύριος συγγραφέας: Rowntree, Derek
Μορφή: Βιβλίο
Γλώσσα:English
Δημοσίευση: London : New York : Kogan Page ;, Nichols Publishing, 1990
Θέματα:
Ετικέτες: Προσθήκη ετικέτας
Δεν υπάρχουν, Καταχωρήστε ετικέτα πρώτοι!

MARC

LEADER 00000nam a2200000 i 4500
001 1/98882
008 000124s1990 eng d
020 |a 0-89397-356-4 (USA) 
020 |a 1-85091-957-7 (UK) 
035 |l 10056673 
040 |a GR-MY-UA  |b gre  |e aacr 
041 0 |a eng 
082 0 |a 371.3 
100 1 |a Rowntree, Derek. 
245 1 0 |a Teaching through self-instruction :  |b how to develop open learning materials /  |c Derek Rowntree 
260 |a London :   |a New York :   |b Kogan Page ;,   |b Nichols Publishing,   |c 1990 
300 |a 389 p. 
650 0 0 |a Distance education. 
650 0 0 |a Self-culture. 
852 |a INST  |b RHODES  |e 20000124  |h 371.3 ROW  |p 005400013325  |q 005400013325  |t BK  |y 0 
901 |a BIBL4-2000-1 
909 |a Ρ  |b 073113 
922 |a 4ΕΛΗ  |b 199912  |c ΚΠΣ/154  |d GLORY BOOKS 
970 |z 2000/01/24